| 000 | 01102nas a2200337 4500 | ||
|---|---|---|---|
| 001 | BR2010005686 | ||
| 003 | BR-BrBNA | ||
| 005 | 20231205114829.0 | ||
| 007 | ta | ||
| 008 | 230509b bl.|||p| |||| 00| 00por d | ||
| 040 |
_aBR-BrBNA _bpor _cBiblioteca Nacional de Agricultura |
||
| 041 | _a(Pt) | ||
| 072 | _aL73 | ||
| 100 | 1 | _aSilva, D.G. | |
| 100 | 1 | _aSilva, D.R. | |
| 100 | 1 | _aSilva, P.R.L. | |
| 100 | 1 | _aCícero, E.A.S. | |
| 100 | 1 | _aFerraz, A.L.J. | |
| 100 | 1 | _aLemos, M.V.F. | |
| 100 | 1 | _aFagliari, J.J. | |
| 245 | 1 | _aAvaliação da reação em cadeia da polimerase e do isolamento bacteriológico convencional na detecção de Salmonella Dublin em amostras de fezes de bezerros infectados experimentalmente | |
| 650 | _aSALMONELLA | ||
| 650 | _aBEZERRO | ||
| 650 | _aFEZES | ||
| 650 | _aBACTÉRIA | ||
| 650 | _aGADO HOLANDÊS | ||
| 650 | _aDOENÇA ANIMAL | ||
| 773 | 0 |
_tArquivo Brasileiro de Medicina Veterinária e Zootecnia (Brazil) _xISSN 0102-0935 _g(Jun 2010), v. 62(3) p. 752-756 _wBR2010005686 |
|
| 909 |
_a202311 _bLúcia _c55 _dLúcia Elande |
||
| 942 |
_2AGRIS _n0 _cANA |
||
| 999 |
_c210714 _d210714 |
||